| 000 | 00362nam a2200133Ia 4500 | ||
|---|---|---|---|
| 008 | 220217s9999||||xx |||||||||||||| ||und|| | ||
| 020 | _a0-07-052846-2 | ||
| 082 | _a001 MUN | ||
| 100 |
_aMuneer, Muhamed _93346 |
||
| 245 | 0 | _aHow to prepare for the CAT | |
| 260 |
_aTata mcgraw hill _bNew Delhi _c2003 |
||
| 300 | _b475 | ||
| 650 | _aEXAM BOOKS/GRE/CAT/GATE | ||
| 999 |
_c171445 _d171445 |
||